Βρετανικό Μουσείο : Λονδίνο ;

Αποθηκεύτηκε σε:
Λεπτομέρειες βιβλιογραφικής εγγραφής
Κύριος συγγραφέας: Mozzati, Luca
Άλλοι συγγραφείς: Στεφανοπούλου, Διονυσία (edtf)
Μορφή: Βιβλίο
Γλώσσα:Greek
Italian
Δημοσίευση: Αθήνα : Πήγασος Εκδοτική Α.Ε., c2006.
Σειρά:Μεγάλα μουσεία v.2
Θέματα:
Ετικέτες: Προσθήκη ετικέτας
Δεν υπάρχουν, Καταχωρήστε ετικέτα πρώτοι!

MARC

LEADER 00000cam a2200000 a 4500
001 1/119864
008 190904s2006####gr | ||| |||| ||gre||
040 |a GR-MyUa  |b gre  |c GR-MyUa  |e AACR2 
041 1 |a gre  |h ita 
082 7 |a 708.421   |2 (23) 
100 1 |a Mozzati, Luca. 
245 1 0 |a Βρετανικό Μουσείο :   |b Λονδίνο ;   |c Luca Mozzati ; επιμέλεια: Διονυσία Στεφανοπούλου ; μετάφραση από τα ιταλικά: Μεταφραστικό Κέντρο Πειραιά.  
260 |a Αθήνα :   |b Πήγασος Εκδοτική Α.Ε.,   |c c2006.  
300 |a 159 σ. :   |b εικ., φωτ. ;   |c 22 εκ.  
490 1 |a (Μεγάλα μουσεία ;   |v  vol.2).  
500 |a Μετάφραση από τα ιταλικά: British Museo di Londra.  
500 |a Διανεμήθηκε μαζί με την εφημερίδα Το Έθνος της Κυριακής. 
500 |a Με την ευγενική χορηγία της Τράπεζας Κύπρου. 
610 2 0 |a British Museum  |x Exhibitions. 
650 0 |a Museum exhibits 
650 0 |a Museums 
700 1 |a Στεφανοπούλου, Διονυσία,  |e edtf 
830 0 |a Μεγάλα μουσεία  |v  v.2 
852 |a INST  |b RHODES  |e 20190904  |h 708.421 MOZ  |p 005400041081  |q 005400041081  |t BK  |y 0 
920 |a Δωρεά Βιβλιοθήκης  |y Ρόδος  |z 2019-09 
970 |z 03-09-2019